| 000 | 02133nam0a2200385 i 4500 | ||
|---|---|---|---|
| 001 | RU\NLR\bibl\1919513 | ||
| 005 | 20260406004204.0 | ||
| 010 |
_a9785811412969 _91000 |
||
| 021 |
_aRU _b2012-41887 _93103 |
||
| 035 | _a(NLR Aleph) 001908987 | ||
| 090 |
_a3150183 _c3150183 |
||
| 100 | _a20120629d2012 u y0rusy50 ca | ||
| 101 | 0 | _arus | |
| 102 | _aRU | ||
| 105 | _aa ||||||||| | ||
| 200 | 1 |
_aСборник задач по теоретической механике _iСтатика _eучебное пособие для студентов высших учебных заведений, обучающихся по направлениям подготовки и специальностям в области техники и технологии _f[Галина Тимофеевна Баранова и др.] _gпод ред. В.В. Дрожжина |
|
| 205 | _aИзд. 2-е, испр. | ||
| 210 |
_aСанкт-Петербург [и др.] _cЛань _d2012 |
||
| 215 |
_a223 с. _cил. _d21 |
||
| 225 | 1 |
_aУчебники для вузов _iСпециальная литература |
|
| 313 | _aПред. изд. нет | ||
| 325 | _aКопия доступна в Электрон. б-ке РНБ http://vivaldi.nlr.ru/bx000032734/view | ||
| 606 | 1 |
_aСтатика _jЗадачники _91431345 _3RU\NLR\auth\66293871 |
|
| 686 | _aВ232я73-4 | ||
| 702 | 1 |
_4220 _7ca _8rus _aБаранова _bГ. Т. _cинженер, теор. механика _gГалина Тимофеевна _996635 _3RU\NLR\auth\77113710 |
|
| 702 | 1 |
_aДрожжин _bВ. В. _gВасилий Васильевич _4340 |
|
| 801 | 0 |
_aRU _bNLR _c20120629 _gRCR |
|
| 801 | 1 |
_aRU _bNLR _c20120629 |
|
| 942 | _cBOOK | ||
| 980 | _aNBR | ||
| 981 | 1 | 3 |
_a(13) Документы, защищенные авторским правом _b(13) Современная научная, научно-популярная и популярная литература |